| 000 | 01029nam a22002537a 4500 | ||
|---|---|---|---|
| 001 | BRCA_9424 | ||
| 003 | FranzMayer | ||
| 005 | 20230918130432.0 | ||
| 008 | 230906b |||||||| |||| 00| 0 eng d | ||
| 020 | _a848043161X | ||
| 040 |
_aMFM _bESPAÑOL _cMFM |
||
| 050 | 0 |
_aDP27.5 _bC37 2006 |
|
| 100 | 1 |
_4Autor _aCasanova i Miró. Jordi _929652 |
|
| 240 |
_aEl viatge a Espanya d´lexandre de Laborde _h(1806-1820) Dibuixos preparatoris _lCatalan |
||
| 245 | 0 |
_aEl viatge a Espanya d´lexandre de Laborde _b(1806-1820) Dibuixos preparatoris |
|
| 260 |
_aBarcelona, España _bMuseu Nacional d'Art de Catalunya _c2006 |
||
| 300 |
_a310 p _bIlustraciones a color _c30 cm |
||
| 500 | _aAnexo 1 | ||
| 505 | _aTexto en: catalanIncluye índice temáticoDirigido a: historiadores, personas con interés en la historia de España | ||
| 650 | 1 |
_2España _aHistoria de España _vCataluña _929653 |
|
| 651 | 2 |
_2España _aViajes _vAlexandre a Laborde _929654 |
|
| 700 | 1 |
_4Autor _aQuílez i Corella, Francesc M. _929655 |
|
| 942 |
_2lcc _cB |
||
| 999 |
_c11046 _d11046 |
||